Una pedagogía de las oportunidades: nuevas ventanas para los párvulos latinoamericanos del siglo XXI

Gorde:
Xehetasun bibliografikoak
Egile nagusia: Peralta Espinosa, María Victoria (Egilea)
Formatua: Liburua
Hizkuntza:gaztelania
Argitaratua: Santiago Andrés Bello 2002
Gaiak:
Etiketak: Etiketa erantsi
Etiketarik gabe, Izan zaitez lehena erregistro honi etiketa jartzen!

MARC

LEADER 00000nam a2200000 a 4500
001 UCL3837
003 CL-VaPUC
008 031212e20020000CL |||||||||||||||||spa|d
020 |a 9561317710 
082 0 4 |a 372.21  |b PER  |2 21 
100 0 |a Peralta Espinosa, María Victoria  |e author  |9 481260 
245 1 4 |a Una pedagogía de las oportunidades: nuevas ventanas para los párvulos latinoamericanos del siglo XXI 
300 |a 305 p 
942 |c BK 
945 |d 20031212 00:00:00  |a cmena 
260 |a Santiago  |b Andrés Bello  |c 2002 
650 0 |a Educación preescolar  |9 260381 
650 0 |a Métodos de enseñanza  |9 270413 
650 0 |a Planificación del currículo  |9 269599 
650 0 |a Innovaciones pedagógicas  |9 307471 
583 |a last modification  |c 20031212 00:00:00  |k Rodrigo Vera 
999 |c 306838  |d 306836 
952 |0 0  |1 0  |4 0  |6 372_210000000000000_PER_2002  |7 0  |8 R  |9 372228  |a BIBEDU  |b BIBEDU  |c MCIRC  |d 2019-11-21  |i 3975045  |o 372.21 PER 2002  |p 3975045  |r 2023-01-13  |w 2019-11-21  |y BK_R  |k EBA 
952 |0 0  |1 0  |4 0  |6 372_210000000000000_PER_2002  |7 0  |8 R  |9 372229  |a BIBEDU  |b BIBEDU  |d 2019-11-21  |i 3975053  |o 372.21 PER 2002  |p 3975053  |r 2023-01-13  |w 2019-11-21  |y BK_R  |k EBA 
952 |0 0  |1 0  |4 0  |6 372_210000000000000_PER_2002  |7 0  |8 R  |9 372230  |a BIBEDU  |b BIBEDU  |d 2019-11-21  |i 4005341  |o 372.21 PER 2002  |p 4005341  |r 2023-01-13  |w 2019-11-21  |y BK_R  |k BME 
952 |0 0  |1 0  |4 0  |6 372_210000000000000_PER_2002  |7 0  |8 R  |9 372231  |a BIBEDU  |b BIBEDU  |d 2019-11-21  |i 4025768  |o 372.21 PER 2002  |p 4025768  |r 2023-01-13  |w 2019-11-21  |y BK_R  |k EBA 
952 |0 0  |1 0  |4 0  |6 372_210000000000000_PER_2002  |7 0  |8 R  |9 372232  |a BIBEDU  |b BIBEDU  |d 2019-11-21  |i 4025776  |o 372.21 PER 2002  |p 4025776  |r 2023-01-13  |w 2019-11-21  |y BK_R  |k EBA 
952 |0 0  |1 0  |4 0  |6 372_210000000000000_PER_2002  |7 0  |8 R  |9 372233  |a BIBEDU  |b BIBEDU  |d 2019-11-21  |i 4025784  |o 372.21 PER 2002  |p 4025784  |r 2023-01-13  |w 2019-11-21  |y BK_R  |k EBA 
952 |0 0  |1 0  |4 0  |6 372_210000000000000_PER_2002  |7 0  |8 R  |9 372234  |a BIBEDU  |b BIBEDU  |d 2019-11-21  |i 4204816  |o 372.21 PER 2002  |p 4204816  |r 2023-01-13  |w 2019-11-21  |y BK_R  |k PAR 
952 |0 0  |1 0  |4 0  |6 372_210000000000000_PER_2002  |7 0  |8 R  |9 372235  |a BIBEDU  |b BIBEDU  |c MCIRC  |d 2019-11-21  |i 4204824  |l 1  |o 372.21 PER 2002  |p 4204824  |r 2023-01-13  |s 2022-10-12  |w 2019-11-21  |y BK_R  |k PAR 
952 |0 0  |1 0  |4 0  |6 372_210000000000000_PER_2002  |7 0  |8 R  |9 372236  |a BIBEDU  |b BIBEDU  |d 2019-11-21  |i 4352734  |o 372.21 PER 2002  |p 4352734  |r 2023-01-13  |w 2019-11-21  |y BK_R  |k EBA